000 00885nam a22002295i 4500
001 164112
003 ES-MaACL
005 20251015063144.0
008 960516s1893 sp |||| | spa d
040 _aCLM
_bspa
_cCLM
100 1 _aRueda, Salvador,
_d1857-1933
_9100515
245 1 0 _aEn tropel
_b: cantos españoles /
_cpor Salvador Rueda.
250 _a2\pa\s ed.
260 _aMadrid :
_b[s.n.],
_c1893 (
_fTipografía de Manuel G. Hernández)
300 _a10, VII, [1] en bl., 11-185, [5] p. ;
_c18 cm.
490 1 _aBiblioteca Rueda
597 1 _aAntep.
599 1 _aRetrato de Salvador Rueda en p. 5.
830 0 _aBiblioteca Rueda
_9188451
852 _aES-MaACL
_jF-10817
_q-- Enc. hol. conservando la cub. original
_q-- Falto de la pag. del retrato
_z-- Este ejemplar tiene la misma secuencia de pag. que en la descripción
999 _c164112
_d164112